Statystyki dla Największe Miasta Afryki

Kliknij tutaj aby rozwiązać quiz!

Ogólne statystyki

  • Ten quiz został rozwiązany 41 razy
  • Średni wynik to 9 z 15

Statystyki odpowiedzi

NumerKrajOdpowiedź% Poprawnych
2EgiptKair
100%
1NigeriaLagos
94%
5KeniaNairobi
91%
3DRKKinszasa
88%
4AngolaLuanda
79%
6SomaliaMogadiszu
79%
10RPAJohannesburg
76%
13GhanaAkra
74%
8EgiptAleksandria
71%
9EtiopiaAddis Abeba
65%
12MarokoCasablanca
65%
11TanzaniaDar es Salaam
26%
15NigeriaKano
21%
14RPADurban
18%
7WKSAbidjan
0%

Rozkład punktacji

Percentyl według liczby udzielonych odpowiedzi

Procent ludzi z każdym wynikiem

Twoja historia wyników

Nie rozwiązałeś tego quizu